Clash of Clans Defenses - Statistics

General Stats
  • This quiz has been taken 734 times
  • The average score is 7 of 8
Answer Stats
Hint Answer % Correct
Archer Tower
98%
Cannon
97%
Mortar
90%
Wizard Tower
88%
Inferno Tower
85%
X-Bow
85%
Air Defense
72%
Hidden Tesla
67%
No matching quizzes found
Score Distribution
Percent of People with Each Score
Percentile by Number Answered
Your Score History
You have not taken this quiz